000 00691 a2200229 4500
001 63512
005 20260407155933.0
008 260407a1969 arg spa d
003 AR-UNSa-BCEJYS
040 _aAR-UNSa-BCEJYS
_bspa
_cAR-UNSa-BCEJYS
080 _a004.42
_xProgramación de ordenadores. Programas de ordenador
245 1 0 _aLa administración del procesamiento de datos
264 1 _aMéxico :
_bLimusa-Wiley
_c1969
300 _a143 p.
_c23 cm.
505 _a1. El pasado es prólogo - 2.
041 _aspa
942 _cBK
590 _aniveau_biblio:m niveau_hierar:0
100 1 _aCanning, Richard G.
700 1 _aSisson, Roger L.
700 1 _aOrtega Pierres, Socorro
999 _c8197
_d8197